| 000 | 00420cam a2200157ua 4500 | ||
|---|---|---|---|
| 041 |
_aeng _h |
||
| 082 |
_a612.8 _bLUR/LE |
||
| 100 | _aLurye, Z . | ||
| 245 |
_aLesions of the nervous system associated with internal diseases / _cZ Lurye. _hTextual Documents |
||
| 250 |
_a1 / _b. |
||
| 260 |
_aMoscow : _bForeign Language Publishing House. |
||
| 300 | _a255 ; . | ||
| 504 | _a | ||
| 942 | _cBK | ||
| 999 |
_c10645 _d10645 |
||